000 00273nam a22001097a 4500
008 170112b xxu||||| |||| 00| 0 eng d
020 _a9780323009478
041 _aeng
080 _a618.2
245 _aNAVIGATING THE MAZE OF NURSING RESEARCH
_cLANGFORD, R.W
942 _2udc
_cBK
999 _c2811
_d2811